[Event "Pan American-ch School U17 12th"]
[Site "Callao"]
[Date "2023.10.19"]
[Round "7"]
[White "Achocalla Huaipara, Pavel Andres"]
[Black "Fascio Outerbridge, Arno Augusto"]
[Result "1-0"]
[WhiteElo "1536"]
[BlackElo "1834"]
[PlyCount "45"]
[EventDate "2023.10.16"]
[EventType "swiss"]
[EventRounds "9"]
[EventCountry "PER"]
[SourceTitle "Mega2024 Update 01"]
[Source "Chessbase"]
[SourceDate "2023.11.12"]
[SourceVersion "1"]
[SourceVersionDate "2023.11.12"]
[SourceQuality "1"]

1. e4 c5 2. Nf3 d6 3. d4 cxd4 4. Nxd4 Nf6 5. Nc3 g6 6. f3 Bg7 7. Be3 0-0 8. Bc4 Nc6 9. Qd2 Nd7 10. g4 Nb6 11. Bb3 Na5 12. h4 Nbc4 13. Qe2 Nxe3 14. Qxe3 Nxb3 15. axb3 a5 16. h5 Bd7 17. hxg6 fxg6 18. 0-0-0 a4 19. bxa4 b5 20. Ncxb5 Rxa4 21. Qb3+ e6 22. Qxa4 Qg5+ 23. Kb1 1-0

[Event "Pan American-ch School U17 12th"]
[Site "Callao"]
[Date "2023.10.17"]
[Round "3"]
[White "Benavides Conza, Diego Angelo"]
[Black "Fascio Outerbridge, Arno Augusto"]
[Result "1-0"]
[WhiteElo "1586"]
[BlackElo "1834"]
[PlyCount "75"]
[EventDate "2023.10.16"]
[EventType "swiss"]
[EventRounds "9"]
[EventCountry "PER"]
[SourceTitle "Mega2024 Update 01"]
[Source "Chessbase"]
[SourceDate "2023.11.12"]
[SourceVersion "1"]
[SourceVersionDate "2023.11.12"]
[SourceQuality "1"]

1. d4 Nf6 2. Nf3 g6 3. b3 d5 4. Bb2 Bg7 5. g3 0-0 6. Bg2 c5 7. dxc5 Qa5+ 8. Nbd2 Nc6 9. 0-0 Qxc5 10. Ne5 Qb6 11. Nxc6 bxc6 12. e4 Bg4 13. Qe1 Qc5 14. e5 Nd7 15. c4 d4 16. f4 d3+ 17. Qf2 Be2 18. Qxc5 Nxc5 19. Rfe1 Rac8 20. Bf1 Bg4 21. Ba3 Nd7 22. h3 Be6 23. Bxe7 Rfe8 24. Bd6 f6 25. Nf3 Rcd8 26. Rad1 Nb6 27. Rxd3 Nc8 28. c5 Bd5 29. Kf2 Kf7 30. Bg2 Bxf3 31. Rxf3 Nxd6 32. exd6 Rxe1 33. Kxe1 Re8+ 34. Kd2 f5 35. Re3 Rxe3 36. Kxe3 a5 37. Bxc6 h6 38. Bd7 1-0

[Event "Pan American-ch School U17 12th"]
[Site "Callao"]
[Date "2023.10.17"]
[Round "4"]
[White "Fascio Outerbridge, Arno Augusto"]
[Black "Saravia Flores, Luis Enrique"]
[Result "0-1"]
[WhiteElo "1834"]
[BlackElo "1288"]
[PlyCount "111"]
[EventDate "2023.10.16"]
[EventType "swiss"]
[EventRounds "9"]
[EventCountry "PER"]
[SourceTitle "Mega2024 Update 01"]
[Source "Chessbase"]
[SourceDate "2023.11.12"]
[SourceVersion "1"]
[SourceVersionDate "2023.11.12"]
[SourceQuality "1"]

1. Nf3 d6 2. d4 Nf6 3. b3 g6 4. g3 Bg7 5. Bb2 0-0 6. Bg2 c6 7. 0-0 Qc7 8. Re1 Nbd7 9. e4 e5 10. dxe5 Nxe5 11. Nxe5 dxe5 12. Nd2 Rd8 13. c4 Qa5 14. Re2 Bh6 15. Bc1 Bg4 16. f3 Qc3 17. Rb1 Bxf3 18. Bxf3 Qxf3 19. Qe1 Qd3 20. Rb2 Ng4 21. Nf1 Bxc1 22. Qxc1 Qf3 23. h3 Nh6 24. Qxh6 Rd1 25. Rf2 Qxg3+ 26. Kh1 Rad8 27. Rbe2 R8d3 28. c5 Rf3 29. Rxf3 Qxf3+ 30. Rg2 Qxf1+ 31. Kh2 Qh1+ 32. Kg3 Qe1+ 33. Kh2 Qxe4 34. Qg5 Qf4+ 35. Qxf4 exf4 36. Rf2 g5 37. Kg2 Rd5 38. Kf3 Rxc5 39. Kg4 Kg7 40. Rd2 Rd5 41. Re2 Kg6 42. h4 h5+ 43. Kf3 Rd3+ 44. Kf2 g4 45. Re5 Rd2+ 46. Ke1 Rd5 47. Re7 Rb5 48. Rd7 a6 49. Rd6+ Kf5 50. Rh6 Ke4 51. Rh8 Re5 52. Kf1 Kf3 53. Rb8 Rc5 54. Ke1 Kg2 55. b4 Re5+ 56. Kd2 0-1

[Event "Pan American-ch School U17 12th"]
[Site "Callao"]
[Date "2023.10.16"]
[Round "2"]
[White "Fascio Outerbridge, Arno Augusto"]
[Black "Ramos Proano, Leonardo Josue"]
[Result "0-1"]
[WhiteElo "1834"]
[BlackElo "1601"]
[PlyCount "36"]
[EventDate "2023.10.16"]
[EventType "swiss"]
[EventRounds "9"]
[EventCountry "PER"]
[SourceTitle "Mega2024 Update 01"]
[Source "Chessbase"]
[SourceDate "2023.11.12"]
[SourceVersion "1"]
[SourceVersionDate "2023.11.12"]
[SourceQuality "1"]

1. Nf3 d5 2. g3 f5 3. d4 Nf6 4. Bg2 e6 5. 0-0 Bd6 6. c4 c6 7. Nc3 0-0 8. b3 Nbd7 9. Bb2 Qe7 10. Nd2 g5 11. e3 h5 12. f3 h4 13. e4 e5 14. dxe5 Nxe5 15. Ne2 dxe4 16. fxe4 Neg4 17. e5 Bxe5 18. Bxe5 Qxe5 0-1

[Event "Pan American-ch U20"]
[Site "Pereira"]
[Date "2022.08.28"]
[Round "9"]
[White "Cajamarca Gordillo, Sebastian Alejandro"]
[Black "Fascio Outerbridge, Arno Augusto"]
[Result "1/2-1/2"]
[WhiteElo "1590"]
[BlackElo "1602"]
[PlyCount "82"]
[EventDate "2022.08.23"]
[EventType "swiss"]
[EventRounds "9"]
[EventCountry "COL"]
[SourceTitle "CBM 210 Extra"]
[Source "ChessBase"]
[SourceDate "2022.11.30"]
[SourceVersion "1"]
[SourceVersionDate "2022.11.30"]
[SourceQuality "1"]

1. d4 Nf6 2. c4 c6 3. Nc3 d5 4. cxd5 cxd5 5. Bg5 e6 6. e3 Be7 7. Bd3 Nc6 8. a3 h6 9. Bh4 a6 10. Nge2 b5 11. 0-0 Na5 12. Qc2 Bb7 13. Bg3 Rc8 14. Rfc1 0-0 15. b4 Nc4 16. Bxc4 Rxc4 17. Qd3 Qd7 18. Na2 Rfc8 19. Rxc4 Rxc4 20. Be5 Qc6 21. Nac1 Nd7 22. Nb3 Nxe5 23. dxe5 Qc7 24. f4 Qb6 25. Na5 Rc8 26. Qd4 Qxd4 27. Nxd4 Ba8 28. Ra2 Bd8 29. Nab3 Bb6 30. Rc2 Rc4 31. Nd2 Rxc2 32. Nxc2 Kf8 33. Nb3 Bb7 34. Kf2 f6 35. Ncd4 Ke7 36. Nc5 fxe5 37. fxe5 Bc8 38. Nc6+ Ke8 39. Kf3 Bc7 40. Kf4 g5+ 41. Kf3 Bd7 1/2-1/2

[Event "Pan American-ch U20"]
[Site "Pereira"]
[Date "2022.08.25"]
[Round "5"]
[White "Fascio Outerbridge, Arno Augusto"]
[Black "Mendez Machado, Andre"]
[Result "0-1"]
[WhiteElo "1602"]
[BlackElo "1995"]
[PlyCount "30"]
[EventDate "2022.08.23"]
[EventType "swiss"]
[EventRounds "9"]
[EventCountry "COL"]
[SourceTitle "CBM 210 Extra"]
[Source "ChessBase"]
[SourceDate "2022.11.30"]
[SourceVersion "1"]
[SourceVersionDate "2022.11.30"]
[SourceQuality "1"]

1. c4 e5 2. Nc3 Nf6 3. g3 c6 4. Nf3 e4 5. Nd4 Qb6 6. Nb3 a5 7. d3 a4 8. Nd2 exd3 9. Bg2 Bb4 10. 0-0 0-0 11. exd3 d5 12. cxd5 Bg4 13. Nc4 Qa6 14. Qc2 Bf5 15. d6 Qxc4 0-1

[Event "Pan American-ch U20"]
[Site "Pereira"]
[Date "2022.08.23"]
[Round "1"]
[White "Loaiza Cuervo, Santiago"]
[Black "Fascio Outerbridge, Arno Augusto"]
[Result "0-1"]
[WhiteElo "2082"]
[BlackElo "1602"]
[PlyCount "84"]
[EventDate "2022.08.23"]
[EventType "swiss"]
[EventRounds "9"]
[EventCountry "COL"]
[SourceTitle "CBM 210 Extra"]
[Source "ChessBase"]
[SourceDate "2022.11.30"]
[SourceVersion "1"]
[SourceVersionDate "2022.11.30"]
[SourceQuality "1"]

1. e4 c5 2. Nf3 d6 3. d4 cxd4 4. Nxd4 g6 5. Nc3 Nf6 6. Be3 Bg7 7. f3 0-0 8. Qd2 Nc6 9. 0-0-0 d5 10. Nxc6 bxc6 11. Bc4 e6 12. Bb3 Qc7 13. h4 dxe4 14. Nxe4 Nxe4 15. fxe4 c5 16. Bh6 c4 17. Ba4 c3 18. bxc3 Bxh6 19. Qxh6 Qxc3 20. Kb1 Rb8+ 21. Bb3 Bb7 22. Rd3 Qe5 23. Re1 a5 24. a4 Bc6 25. Ka2 Bxa4 26. Qg5 Qxg5 27. hxg5 Bb5 28. Rd4 Rfc8 29. Ka3 a4 30. Bxa4 Bxa4 31. Rxa4 Rxc2 32. g4 Rg2 33. e5 Rd2 34. Rf1 Re2 35. Ra7 Rf8 36. Ra5 Re4 37. Rg1 Rd8 38. Rb5 Rdd4 39. Rf1 Rxg4 40. Rf6 Rd7 41. Kb3 Rxg5 42. Kc3 Rf5 0-1